LEADER 00826oam 2200205z- 450 001 9910135366503321 005 20200420135748.0 035 $a(CKB)3790000000000618 035 $a(EXLCZ)993790000000000618 100 $a20180430c2013uuuu -u- - 101 0 $aita 200 00$aFigure di servitù e dominio nella cultura filosofica europea tra Cinquecento e Seicento $eatti del convegno, Urbino, 29-30 maggio 2008 /$fa cura di Nicola Panichi 210 $aFirenze $cLe Lettere$d2010 311 $a88-6087-750-4 517 $aFigure di servitù e dominio nella cultura filosofica europea tra Cinquecento e Seicento 701 $aPanichi$b Nicola$0169781 906 $aBOOK 912 $a9910135366503321 996 $aFigure di servitù e dominio nella cultura filosofica europea tra Cinquecento e Seicento$92432969 997 $aUNINA